នាយគម កំពៀច / (Record no. 1347)
[ view plain ]
| 000 -LEADER | |
|---|---|
| fixed length control field | 01790nam a22002777a 4500 |
| 005 - DATE AND TIME OF LATEST TRANSACTION | |
| control field | 20230818130900.0 |
| 020 ## - INTERNATIONAL STANDARD BOOK NUMBER | |
| International Standard Book Number | 9789924341666 |
| 040 ## - CATALOGING SOURCE | |
| Original cataloging agency | FISKH |
| Language of cataloging | eng |
| Transcribing agency | FISKH |
| Modifying agency | FISKH |
| 082 ## - DEWEY DECIMAL CLASSIFICATION NUMBER | |
| Classification number | 398.209519 |
| 100 ## - MAIN ENTRY--PERSONAL NAME | |
| Personal name | Sodany, Ouchc |
| 245 ## - TITLE STATEMENT | |
| Title | នាយគម កំពៀច / |
| Remainder of title | រឿងព្រេងកូរ៉េៈ |
| Statement of responsibility, etc. | គូររូបដោយ ស៊ិន ធូកណា |
| 260 ## - PUBLICATION, DISTRIBUTION, ETC. | |
| Place of publication, distribution, etc. | Phnom Penh : |
| Name of publisher, distributor, etc. | Sipar, |
| Date of publication, distribution, etc. | 2022. |
| 300 ## - PHYSICAL DESCRIPTION | |
| Extent | 39 pages : |
| Other physical details | color illustrations ; |
| Dimensions | 25 cm |
| 490 ## - SERIES STATEMENT | |
| Series statement | ខ្ញុំចង់អាន |
| 505 ## - FORMATTED CONTENTS NOTE | |
| Formatted contents note | P <br/><br/> |
| 520 ## - SUMMARY, ETC. | |
| Summary, etc. | នាយគមជាក្មេងដែលមានជើងម្ខាងខ្លីម្ខាងវែង តែគេមានប្រាជ្ញាឈ្លាសវៃណាស់ ថ្ងៃមួយគេបានភ្នាល់គ្នាជាមួយឈ្មួញម្នាក់ឈ្មោះលោកហុង។ ចុងក្រោយគេក៏បានឈ្នះហើយទទួលបានកូនស្រីដ៏ស្រស់ស្អាតរបស់លោកហុង ហើយបានរៀបការរស់នៅយ៉ាងមានក្ដីសុខ។ |
| 520 ## - SUMMARY, ETC. | |
| Summary, etc. | Kom is a boy who has one leg short and one long, but he is very smart. One day, he bet with a businessman named Mr. Hong. He finally won and got Mr. Hong's beautiful daughter, married and living happily. |
| 521 ## - TARGET AUDIENCE NOTE | |
| Target audience note | 650 <br/><br/> |
| Source | Lexile estimate<br/><br/> |
| 521 ## - TARGET AUDIENCE NOTE | |
| Target audience note | P <br/><br/> |
| Source | Raz-Plus <br/><br/> |
| 650 ## - SUBJECT ADDED ENTRY--TOPICAL TERM | |
| Topical term or geographic name entry element | Bet |
| Form subdivision | Love |
| General subdivision | Beautiful |
| Chronological subdivision | Win |
| 650 ## - SUBJECT ADDED ENTRY--TOPICAL TERM | |
| Topical term or geographic name entry element | ភ្នាល់ |
| Form subdivision | ស្រលាញ់ |
| General subdivision | ស្រស់ស្អាត |
| Chronological subdivision | ឈ្នះ |
| 700 ## - ADDED ENTRY--PERSONAL NAME | |
| Personal name | Thoukna, Sin |
| Titles and other words associated with a name | illustrator |
| 942 ## - ADDED ENTRY ELEMENTS (KOHA) | |
| Source of classification or shelving scheme | Dewey Decimal Classification |
| Koha item type | Books |
| Suppress in OPAC | No |
| 999 ## - | |
| -- | 1347 |
| -- | 1347 |
| Withdrawn status | Lost status | Source of classification or shelving scheme | Damaged status | Not for loan | Collection | Home library | Current library | Shelving location | Date acquired | Total Checkouts | Full call number | Barcode | Date last seen | Copy number | Price effective from | Koha item type | Date last checked out |
|---|---|---|---|---|---|---|---|---|---|---|---|---|---|---|---|---|---|
| Dewey Decimal Classification | Khmer Language Books / សៀវភៅភាសាខ្មែរ | Footprints International School Library Network Toul Kork Campus | Footprints International School Library Network Toul Kork Campus | TK Campus, Room B402, Khmer Book Case 16, Shelves 112-123 / ទូរសៀវភៅខ្មែរលេខ ១៦ ធ្នើរ ១១២ ដល់ ១២៣ បន្ទប់ B402 សាខាទួលគោក | 08/18/2023 | SOD 398.209519 | 2023-0293 | 08/18/2023 | 1 | 08/18/2023 | Books | ||||||
| Dewey Decimal Classification | Khmer Language Books / សៀវភៅភាសាខ្មែរ | Footprints International School Library Network Toul Kork Campus | Footprints International School Library Network Toul Kork Campus | TK Campus, Room B402, Khmer Book Case 16, Shelves 112-123 / ទូរសៀវភៅខ្មែរលេខ ១៦ ធ្នើរ ១១២ ដល់ ១២៣ បន្ទប់ B402 សាខាទួលគោក | 08/18/2023 | 1 | SOD 398.209519 | 2023-0294 | 06/09/2025 | 2 | 08/18/2023 | Books | 02/14/2025 |
